Quiz sur Le Livre de la Jungle (Disney) - Statistiques

Statistiques générales
  • Ce quiz a été pris 108 fois
  • Le résultat moyen est 7 sur 14
Statistiques - réponses
Hint Réponse % Correct
Le petit homme Mowgli
99%
L'ours, heureux Baloo
98%
Le serpent, de confiance Kaa
75%
La panthère, sage Bagheera
70%
La première chanson Il en faut peu pour être heureux
61%
Le tigre, terrifiant Shere Khan
58%
L'espèce du roi singe Orang outan
51%
Le secret qui ferait de lui un homme Feu
44%
Le roi singe, presque humain Louie
43%
La première famille du petit homme Loups
43%
Les oiseaux qui deviennent ses amis Vautours
42%
Le troisième chanson Etre un homme comme vous
24%
La deuxième chanson La patrouille des élephants
17%
Le chef de la patrouille Colonel Hathi
8%
Aucun quiz correspondant
Distribution des résultats
% des personnes avec chaque résultat
Percentile par nombre de réponses
Votre historique - résultats
Vous n’avez pas pris ce quiz